Т. 75, № 9; Журнал аналитической химии

Detaylı Bibliyografya
Parent link:Журнал аналитической химии/ Российская академия наук (РАН), Институт геохимии и аналитической химии (ГЕОХИ). Т. 75, № 9.— , 1947-.— 0044-4502
Özet:Режим доступа: по договору с организацией-держателем ресурса
Dil:Rusça
Baskı/Yayın Bilgisi: 2020
Online Erişim:https://www.elibrary.ru/contents.asp?id=43165489
Materyal Türü: Elektronik Kitap
KOHA link:https://koha.lib.tpu.ru/cgi-bin/koha/opac-detail.pl?biblionumber=585645

MARC

LEADER 00000nam2a2200000 4500
001 585645
005 20231101131309.0
035 |a (RuTPU)RU\TPU\prd\288101 
035 |a RU\TPU\prd\287883 
090 |a 585645 
100 |a 20200917a19469999k y0rusy50 ca 
101 0 |a rus 
102 |a RU 
181 0 |a i  
182 0 |a b 
200 0 |a Т. 75, № 9  |b Электронный ресурс 
203 |a Текст  |c электронный 
210 |d 2020 
333 |a Режим доступа: по договору с организацией-держателем ресурса 
461 1 |0 (RuTPU)RU\TPU\prd\156  |x 0044-4502  |t Журнал аналитической химии  |f Российская академия наук (РАН), Институт геохимии и аналитической химии (ГЕОХИ)  |v Т. 75, № 9  |d 1947- 
801 0 |a RU  |b 63413507  |c 20010227  |g PSBO 
801 1 |a RU  |b 63413507  |c 20170713 
801 2 |a RU  |b 63413507  |c 20200917  |g RCR 
856 4 0 |u https://www.elibrary.ru/contents.asp?id=43165489 
942 |c BK